Gemeinschaftsverpflegung für Werktätige und Schüler

Uložené v:
Podrobná bibliografia
Hlavný autor: Neef, Heinz
Ďalší autori: Reim, Reinhold
Médium: Kniha
Jazyk:German
Vydavateľské údaje: Berlin Wirtschaft 1989
Vydanie:3. Aufl.
Tagy: Pridať tag
Žiadne tagy, Buďte prvý, kto otaguje tento záznam!

MARC

LEADER 00000nam a2200000 4500
001 c037777
005 20221215124431.6
041 0 |a ger 
044 |a DE 
245 1 0 |a Gemeinschaftsverpflegung für Werktätige und Schüler  |c Heinz Neef und Koll., Reinhold Reim 
250 |a 3. Aufl. 
264 1 |a Berlin  |b Wirtschaft  |c 1989 
300 |a 352 s. 
100 1 |a Neef, Heinz 
700 1 |a Reim, Reinhold